000 00692nam a2200205 i 4500
001 27432
003 ES-MaACL
005 20230909063058.0
007 t|
008 030114s1878 sp ||||1| spa d
100 1 _aAzcárate, Gumersindo de,
_d1840-1917
_924243
245 1 3 _aLa constitución inglesa y la política del continente /
_cGumersindo de Azcárate.
260 _aMadrid :
_b[s.n.],
_c1878 (
_fM. Minuesa de los Ríos)
300 _aXIV, 286 p. ;
_c20 cm.
650 4 _aInstituciones políticas-
_zGran Bretaña.
_9163938
650 4 _aInstituciones políticas-
_zEuropa.
_9163939
852 _aES-MaACL
_jD-964
852 _aES-MaACL
_jF-12820
999 _c27432
_d27432